Lao Diaspora - Statistics

General Stats
  • This quiz has been taken 87 times
  • The average score is 8 of 10
Answer Stats
Hint Answer % Correct
265,000 United States of America
100%
21,000 Cambodia
98%
15,000 Vietnam
97%
288,000 Thailand
95%
12,000 Australia
88%
200,000 France
88%
25,000 Canada
86%
17,000 Myanmar
80%
1,400 New Zealand
75%
1,800 Argentina
23%
No matching quizzes found
Score Distribution
Percent of People with Each Score
Percentile by Number Answered
Your Score History
You have not taken this quiz